El demonio de la teoría: literatura y sentido común

-д хадгалсан:
Номзүйн дэлгэрэнгүй
Үндсэн зохиолч: Compagnon, Antoine (Зохиогч)
Формат: Ном
Хэл сонгох:испани
Хэвлэсэн: Barcelona Acantilado 2015
Хэвлэл:1a. ed
Цуврал:El Acantilado, 306
Нөхцлүүд:
Шошгууд: Шошго нэмэх
Шошго байхгүй, Энэхүү баримтыг шошголох эхний хүн болох!

MARC

LEADER 00000cam a2200000 a 4500
001 UCC8458
003 CL-VaPUC
008 190705e20150000sp |||||||||||||||||spa|d
020 |a 9788416011469 
082 0 4 |a 800.1  |b COM  |2 21 
100 0 |a Compagnon, Antoine  |e author  |9 603141 
245 1 3 |a El demonio de la teoría: literatura y sentido común 
250 |a 1a. ed 
300 |a 343 p 
942 |c BK 
945 |d 20190705 13:21:00  |a dcastane 
260 |a Barcelona  |b Acantilado  |c 2015 
500 |a Traducción de Manuel Arranz 
650 0 |a Crítica e interpretación literaria  |9 266284 
650 0 |a Análisis del discurso  |9 256696 
650 0 |a Filosofía de la literatura  |9 267374 
583 |a last modification  |c 20190705 13:21:00  |k Rodrigo Vera 
490 0 |a El Acantilado, 306 
999 |c 374786  |d 374784 
952 |0 0  |1 0  |3 erb  |4 0  |6 800_100000000000000_COM_2015  |7 0  |8 A  |9 493500  |a FDOPOS  |b FDOPOS  |i 5592860  |o 800.1 COM 2015  |p 5592860  |r 2025-01-22  |w 2019-11-24  |y BK  |z Catalogado en:20190705  |k MEL 
952 |0 0  |1 0  |3 erb  |4 0  |6 800_100000000000000_COM_2015  |7 0  |8 A  |9 493501  |a FDOPOS  |b FDOPOS  |i 5594111  |o 800.1 COM 2015  |p 5594111  |r 2025-01-22  |w 2019-11-24  |y BK  |z Catalogado en:20190802  |k MEL